[Event "Mondiale Lampo FIDE 2022"]
[Site "Alma Ata"]
[Date "30.12.2022"]
[Round "13.41"]
[White "Brunello, Sabino"]
[Black "Ganguly, Surya Shekhar"]
[Result "1-0"]
[WhiteTitle ""]
[BlackTitle ""]
[WhiteElo "2519"]
[BlackElo "2582"]
[WhiteFideId "813613"]
[BlackFideId "5002150"]
[EventDate "29.12.2022"]

1. d4 d5 2. c4 e6 3. Nf3 Nf6 4. Nc3 c5 5. cxd5 exd5 6. Bg5 Be6 7. e3 c4 8. Be2
Bb4 9. O-O O-O 10. Ne5 Qa5 11. Bxf6 gxf6 12. Ng4 Nd7 13. e4 Bxc3 14. bxc3 dxe4
15. Ne3 Nb6 16. Bg4 Qg5 17. f4 exf3 18. Rxf3 Kh8 19. Bxe6 fxe6 20. Rg3 Qa5 21.
Qg4 Rg8 22. Qxe6 Rxg3 23. hxg3 Qg5 24. Rf1 Rf8 25. Rf3 Qg6 26. Nf5 Re8 27. Qd6
Nc8 28. Qd7 a5 29. Qxb7 Re1+ 30. Kh2 Ne7 31. Nh4 Qf7 1-0

[Event "Mondiale Lampo FIDE 2022"]
[Site "Alma Ata"]
[Date "30.12.2022"]
[Round "13.42"]
[White "Salem, A.R. Saleh"]
[Black "Christiansen, Johan-Sebastian"]
[Result "1-0"]
[WhiteTitle ""]
[BlackTitle ""]
[WhiteElo "2677"]
[BlackElo "2578"]
[WhiteFideId "9301348"]
[BlackFideId "1512668"]
[EventDate "29.12.2022"]

1. d4 d5 2. c4 dxc4 3. e4 e5 4. Nf3 exd4 5. Bxc4 Nc6 6. O-O Be6 7. Nbd2 Qf6 8.
Qa4 O-O-O 9. b4 Kb8 10. b5 Ne5 11. Nxe5 Qxe5 12. Nf3 Qc5 13. Bxe6 fxe6 14. Ng5
Qe7 15. Qc4 Re8 16. a4 Nf6 17. Qxd4 e5 18. Qc4 h6 19. Ba3 Qd7 20. Rfd1 Qc8 21.
Nf7 Rg8 22. Bb2 Nd7 23. Nxe5 Nxe5 24. Qxg8 Bc5 25. Qxg7 Ng4 26. Bd4 Rg8 27. Qf7
Bd6 28. h3 Nh2 29. Qf5 Qe8 30. e5 Rf8 31. Qe4 Nf3+ 32. gxf3 Rg8+ 33. Kf1 Be7 34.
e6 Qh5 35. Ke2 Bh4 36. Rg1 1-0

[Event "Mondiale Lampo FIDE 2022"]
[Site "Alma Ata"]
[Date "30.12.2022"]
[Round "13.43"]
[White "Tin, Jingyao"]
[Black "Predke, Alexandr"]
[Result "0-1"]
[WhiteTitle ""]
[BlackTitle ""]
[WhiteElo "2562"]
[BlackElo "2684"]
[WhiteFideId "5804418"]
[BlackFideId "24107581"]
[EventDate "29.12.2022"]

1. d4 d5 2. c4 e6 3. Nc3 Nf6 4. cxd5 exd5 5. Bg5 Bb4 6. e3 h6 7. Bh4 Bf5 8. Qb3
Nc6 9. Bb5 O-O 10. Bxc6 Bxc3+ 11. Qxc3 bxc6 12. Bxf6 Qxf6 13. Ne2 c5 14. Qxc5
Qa6 15. f3 Rab8 16. Qc3 Rb6 17. Rc1 Rfb8 18. b3 Qxa2 19. Qd2 0-1

[Event "Mondiale Lampo FIDE 2022"]
[Site "Alma Ata"]
[Date "30.12.2022"]
[Round "13.44"]
[White "Khusnutdinov, Rustam"]
[Black "Ivic, Velimir"]
[Result "1-0"]
[WhiteTitle ""]
[BlackTitle ""]
[WhiteElo "2441"]
[BlackElo "2572"]
[WhiteFideId "13701703"]
[BlackFideId "950122"]
[EventDate "29.12.2022"]

1. d4 Nf6 2. Nf3 g6 3. Bg5 Bg7 4. Nbd2 O-O 5. c3 d6 6. e4 h6 7. Bh4 c5 8. dxc5
dxc5 9. Be2 Nc6 10. O-O Nh5 11. Qc2 Qc7 12. Nc4 b6 13. a4 Bb7 14. a5 Rad8 15.
axb6 axb6 16. Rfe1 g5 17. Bg3 Nxg3 18. hxg3 e6 19. Qb3 Ne7 20. Bf1 Nc8 21. e5
Bd5 22. Qc2 b5 23. Ne3 Bc6 24. Ng4 Ne7 25. Bd3 Nd5 26. Bh7+ Kh8 27. Be4 c4 28.
Qe2 Kg8 29. Nd4 Be8 30. Bc2 Ne7 31. Nf6+ Bxf6 32. exf6 Nd5 33. Qh5 Nxf6 34. Qxh6
Rxd4 35. Qxg5+ Kh8 36. Qxf6+ 1-0

[Event "Mondiale Lampo FIDE 2022"]
[Site "Alma Ata"]
[Date "30.12.2022"]
[Round "13.45"]
[White "Zverev, Lev"]
[Black "Idani, Pouya"]
[Result "0-1"]
[WhiteTitle ""]
[BlackTitle ""]
[WhiteElo "2310"]
[BlackElo "2637"]
[WhiteFideId "24250775"]
[BlackFideId "12510130"]
[EventDate "29.12.2022"]

1. e4 c5 2. Nf3 d6 3. d4 cxd4 4. Nxd4 Nf6 5. f3 e5 6. Nb3 a5 7. Be3 a4 8. N3d2
d5 9. exd5 Nxd5 10. Bf2 Nc6 11. Bb5 Nf4 12. O-O Qg5 13. Bg3 Bc5+ 14. Kh1 O-O 15.
Ne4 Qe7 16. Nxc5 Qxc5 17. Bxc6 bxc6 18. Nc3 Ba6 19. Re1 Rad8 20. Qc1 a3 21. Ne4
Qb6 22. bxa3 Ne2 23. Qg5 f6 24. Qf5 Bc4 25. Bh4 Nd4 26. Qh5 Nxc2 27. Rab1 Qc7
28. Rec1 Bd3 29. Nc5 Bg6 30. Qg4 Nd4 31. Ne6 Nxe6 32. Qxe6+ Kh8 33. Ra1 c5 34.
Qc4 Rc8 35. Bf2 Rfe8 36. Qxc5 Qd7 37. Qb4 h5 38. Rd1 Qe6 39. h3 Rc2 40. Qb6 Qf5
41. Rac1 Rxc1 42. Rxc1 e4 43. fxe4 Qxe4 44. Re1 Qa8 45. Rxe8+ Bxe8 46. Qb4 Kh7
47. Qf8 Qc6 48. Qe7 Bg6 49. Kh2 Qc2 50. Kg1 Qxa2 51. Bd4 Bf7 52. Qe4+ Bg6 53.
Qe7 Qb1+ 54. Kh2 Qf5 55. Qe3 Qd7 56. Qc3 Be4 57. Qe3 Qd5 58. Qf2 Bxg2 59. Qxg2
Qxd4 60. Qc2+ g6 61. Qc7+ Kh6 62. Qa5 Qf2+ 63. Kh1 f5 64. Qd8 Qe1+ 65. Kh2 Qf2+
66. Kh1 Qf3+ 67. Kh2 Qxa3 68. Qh8+ Kg5 69. h4+ Kxh4 70. Qf6+ g5 71. Qd4+ f4 72.
Qf2+ Qg3+ 73. Kh1 Kg4 74. Qe2+ Qf3+ 0-1

[Event "Mondiale Lampo FIDE 2022"]
[Site "Alma Ata"]
[Date "30.12.2022"]
[Round "13.46"]
[White "Muradli, Mahammad"]
[Black "Nogerbek, Kazybek"]
[Result "1/2-1/2"]
[WhiteTitle ""]
[BlackTitle ""]
[WhiteElo "2540"]
[BlackElo "2468"]
[WhiteFideId "13409301"]
[BlackFideId "13710427"]
[EventDate "29.12.2022"]

1. e4 c5 2. Nf3 Nc6 3. d3 g6 4. Nbd2 Bg7 5. Be2 e5 6. c3 Nge7 7. a4 O-O 8. O-O
d5 9. exd5 Nxd5 10. Nc4 h6 11. Qc2 Be6 12. Re1 Qc7 13. Bf1 Rfe8 14. g3 Rad8 15.
Bg2 Nb6 16. Nfd2 Nxc4 17. Nxc4 Qd7 18. Be3 b6 19. Rad1 Bd5 20. Qe2 Bxg2 21. Kxg2
f5 22. f3 Qd5 23. Bf2 Kh7 24. Ne3 Qf7 25. Nc4 Rd7 26. g4 Red8 27. Bg3 Re7 28. h3
Bf6 29. Bf2 Bg5 30. a5 Rb8 31. axb6 axb6 32. Ra1 b5 33. Na5 Nxa5 34. Rxa5 c4 35.
dxc4 e4 36. fxe4 Rxe4 37. Qd1 Rxe1 38. Qxe1 bxc4 39. Qe2 Qb7+ 40. Qf3 Qxf3+ 41.
Kxf3 fxg4+ 42. hxg4 Rxb2 43. Ra7+ Kg8 44. Bd4 Kf8 45. Ra6 Kf7 46. Rc6 Rd2 47.
Rxc4 Rd3+ 48. Kf2 Bh4+ 49. Ke2 Rg3 50. Be5 Rg2+ 51. Kf3 Rf2+ 52. Ke4 Re2+ 53.
Kd5 Be7 54. Rc7 h5 55. gxh5 gxh5 56. c4 h4 57. c5 h3 58. Bd6 Kf6 59. Rc8 Kg7 60.
Ra8 Re1 61. Ra2 Bf6 62. Kc6 Kf7 63. Kd7 Rd1 64. Rf2 Kg6 65. Re2 Bg5 66. Ke6 Rc1
67. Kd7 Rd1 68. Kc7 Kf5 69. c6 Bf4 70. Bxf4 Kxf4 71. Kb7 Rb1+ 72. Kc8 Kg3 73.
Re3+ Kg4 74. Rxh3 Kxh3 75. c7 Rc1 76. Kb8 Rxc7 77. Kxc7 1/2-1/2

[Event "Mondiale Lampo FIDE 2022"]
[Site "Alma Ata"]
[Date "30.12.2022"]
[Round "13.48"]
[White "Sychev, Klementy"]
[Black "Agmanov, Zhandos"]
[Result "0-1"]
[WhiteTitle ""]
[BlackTitle ""]
[WhiteElo "2556"]
[BlackElo "2442"]
[WhiteFideId "4114060"]
[BlackFideId "13708309"]
[EventDate "29.12.2022"]

1. e4 c6 2. d4 d5 3. e5 Bf5 4. Nf3 e6 5. Be2 c5 6. Be3 Qb6 7. Nc3 Nc6 8. O-O
Qxb2 9. Qe1 cxd4 10. Bxd4 Nxd4 11. Nxd4 Bb4 12. Ndb5 Ba5 13. Rb1 Qxc2 14. Rc1
Qb2 15. Na4 Bxe1 16. Nxb2 Ba5 17. Nd6+ Kf8 18. Nxb7 Bb6 19. Na4 Bd4 20. g4 Bg6
21. Nac5 Ke7 22. Na5 Bb2 23. Nc6+ Kf8 24. Bb5 Ne7 25. Nd7+ Ke8 26. Na5 a6 27.
Ba4 Rd8 28. Rb1 Bc3 29. Rb7 Bxa5 30. Rc1 h5 31. g5 h4 32. Rc5 Bd2 33. Rcc7 Ba5
34. Nc5+ Kf8 35. Rxe7 Rh5 36. Red7 Rxg5+ 37. Kf1 Rxd7 38. Nxd7+ Kg8 39. f4 Rg4
40. Rb8+ Kh7 41. Nf8+ Kh6 42. Nxg6 Kxg6 43. Bc2+ f5 44. exf6+ Kxf6 45. f5 exf5
46. Ra8 Bc3 47. Rxa6+ Ke5 48. a4 f4 49. Ra8 Bd4 50. Re8+ Kd6 51. Bd1 Rg1+ 52.
Ke2 f3+ 53. Kd2 f2 0-1

[Event "Mondiale Lampo FIDE 2022"]
[Site "Alma Ata"]
[Date "30.12.2022"]
[Round "13.49"]
[White "Pranav, V"]
[Black "Kovalev, Vladislav"]
[Result "1/2-1/2"]
[WhiteTitle ""]
[BlackTitle ""]
[WhiteElo "2545"]
[BlackElo "2623"]
[WhiteFideId "25060783"]
[BlackFideId "13504398"]
[EventDate "29.12.2022"]

1. e4 e5 2. Nf3 Nc6 3. Bb5 a6 4. Ba4 Nf6 5. O-O Be7 6. d3 b5 7. Bb3 d6 8. c3 O-O
9. Nbd2 Na5 10. Bc2 c5 11. Re1 Re8 12. Nf1 h6 13. Ng3 Bf8 14. h3 g6 15. Be3 Bg7
16. a4 Bb7 17. Nh2 Qe7 18. Ng4 Nxg4 19. hxg4 Kh7 20. f3 Bf6 21. Kf2 Bg5 22. Qd2
Kg7 23. Rh1 Bxe3+ 24. Qxe3 Qg5 25. Ne2 Qxe3+ 26. Kxe3 d5 27. axb5 d4+ 28. cxd4
cxd4+ 29. Kd2 axb5 30. f4 f6 31. f5 Bxe4 32. b4 Nc4+ 33. dxc4 Bxc2 34. cxb5 Be4
35. b6 gxf5 36. Ng3 Kg6 37. gxf5+ Bxf5 38. Ra7 Be6 39. Ne4 Rab8 40. b7 Bd5 41.
Nc5 Re7 42. Rf1 h5 43. Ra6 Rf7 44. Rb6 h4 45. Rf2 Kg5 46. Rd6 Bxb7 47. Rb6 e4
48. Nxe4+ Bxe4 49. Rxb8 f5 50. Rd8 d3 51. Ke3 Rb7 52. Rb2 Kf6 53. b5 Ke5 54.
Re8+ Kd5 55. Rh8 Kc5 56. Rxh4 Rxb5 57. Rxb5+ Kxb5 58. Rf4 Kc4 59. g4 Kc3 60.
gxf5 d2 61. Rf1 Bxf5 62. Rd1 Be6 63. Rxd2 Bb3 64. Rd7 Kb2 65. Kd2 Ka2 66. Kc3
Be6 67. Rd2+ Ka1 68. Rd6 Bf7 69. Kc2 Bg8 70. Rd1+ Ka2 71. Kc3 Bf7 72. Rd7 Be6
73. Re7 Bg8 74. Ra7+ Kb1 75. Rb7+ Ka1 76. Kc2 Be6 77. Ra7+ Ba2 78. Kc3 Kb1 79.
Rb7+ Ka1 80. Rb2 Bf7 81. Rg2 Be6 82. Rg1+ Ka2 83. Re1 Bf7 84. Re2+ Ka1 85. Kb4
Bg8 86. Rg2 Be6 87. Re2 Bf7 88. Ka4 Bg8 89. Re8 Bf7 90. Rb8 Be6 91. Ka3 Bf5 92.
Rf8 Bb1 93. Kb3 Bg6 94. Rf6 Be4 95. Rf4 Bg6 96. Ra4+ Kb1 97. Rg4 Bf7+ 98. Kc3
Ka1 1/2-1/2

[Event "Mondiale Lampo FIDE 2022"]
[Site "Alma Ata"]
[Date "30.12.2022"]
[Round "13.50"]
[White "Ansat, Aldiyar"]
[Black "Tabatabaei, M. Amin"]
[Result "0-1"]
[WhiteTitle ""]
[BlackTitle ""]
[WhiteElo "2291"]
[BlackElo "2660"]
[WhiteFideId "13715658"]
[BlackFideId "12521213"]
[EventDate "29.12.2022"]

1. e4 c6 2. d4 d5 3. Nc3 dxe4 4. Nxe4 Nf6 5. Nxf6+ exf6 6. Be3 Na6 7. c3 Nc7 8.
Bd3 Bd6 9. Ne2 O-O 10. O-O Re8 11. c4 Bg4 12. Qc2 g6 13. h3 Bxe2 14. Bxe2 f5 15.
Rfe1 Qh4 16. Bf3 Rad8 17. Rad1 a6 18. a3 Ne6 19. d5 Ng5 20. Bxg5 Qxg5 21. Rxe8+
Rxe8 22. g3 c5 23. Kg2 h5 24. Qd2 Qf6 25. b4 b6 26. bxc5 bxc5 27. Re1 Rb8 28.
Qd3 h4 29. Re2 hxg3 30. fxg3 Qg5 31. g4 Qf4 32. Qe3 Qg3+ 33. Kf1 Rb1+ 0-1

[Event "Mondiale Lampo FIDE 2022"]
[Site "Alma Ata"]
[Date "30.12.2022"]
[Round "13.51"]
[White "Nguyen, Thai Dai Van"]
[Black "Suleymenov, Alisher"]
[Result "1-0"]
[WhiteTitle ""]
[BlackTitle ""]
[WhiteElo "2656"]
[BlackElo "2476"]
[WhiteFideId "358878"]
[BlackFideId "13707833"]
[EventDate "29.12.2022"]

1. Nf3 Nf6 2. d4 g6 3. g3 Bg7 4. Bg2 d5 5. O-O O-O 6. c4 c6 7. cxd5 cxd5 8. Nc3
Ne4 9. Ne5 Nxc3 10. bxc3 Nc6 11. Rb1 Qc7 12. Nxc6 Qxc6 13. Qb3 e6 14. Ba3 Rd8
15. Rfc1 Qd7 16. c4 dxc4 17. Rxc4 Rb8 18. Rbc1 Qe8 19. e3 Bd7 20. Rc7 Rdc8 21.
Rxb7 Rxc1+ 22. Bxc1 Rxb7 23. Qxb7 a5 24. Bd2 a4 25. h4 h5 26. Bb4 Bf8 27. Bxf8
Kxf8 28. Qb4+ Kg7 29. a3 Qc8 30. Qc5 Qb8 31. Qe5+ Qxe5 32. dxe5 Kf8 33. Kf1 Ke7
34. Ke2 Bb5+ 35. Kd2 Kd7 36. Kc3 Kc7 37. Kb4 Kb6 38. Be4 1-0

[Event "Mondiale Lampo FIDE 2022"]
[Site "Alma Ata"]
[Date "30.12.2022"]
[Round "13.52"]
[White "Batsuren, Dambasuren"]
[Black "Sindarov, Javokhir"]
[Result "1-0"]
[WhiteTitle ""]
[BlackTitle ""]
[WhiteElo "2525"]
[BlackElo "2654"]
[WhiteFideId "4902920"]
[BlackFideId "14205483"]
[EventDate "29.12.2022"]

1. d4 Nf6 2. c4 g6 3. Nc3 Bg7 4. g3 c5 5. d5 O-O 6. Bg2 d6 7. Nf3 a6 8. a4 e6 9.
O-O exd5 10. cxd5 Re8 11. Re1 Bg4 12. Nd2 Bc8 13. Nc4 Ng4 14. Ne4 Rxe4 15. Bxe4
Ne5 16. Nxe5 Bxe5 17. Qc2 Nd7 18. Bd2 Qe7 19. Bg2 Bg7 20. Bc3 Ne5 21. b4 cxb4
22. Bxb4 Bf5 23. e4 Bg4 24. Qb3 Qf6 25. f4 Nd7 26. Rac1 Qd4+ 27. Kh1 Nc5 28.
Bxc5 dxc5 29. Qxb7 Rf8 30. Qxa6 h5 31. Qc4 Qb2 32. Rb1 Qd2 33. h3 Bd4 34. hxg4
hxg4 35. Re2 Qa5 36. Rd1 Rb8 37. Rxd4 Rb4 38. Qxb4 cxb4 39. d6 Qh5+ 40. Kg1 Qc5
41. Rd2 b3 42. d7 1-0

[Event "Mondiale Lampo FIDE 2022"]
[Site "Alma Ata"]
[Date "30.12.2022"]
[Round "13.53"]
[White "Andriasian, Zaven"]
[Black "Svane, Frederik"]
[Result "1-0"]
[WhiteTitle ""]
[BlackTitle ""]
[WhiteElo "2580"]
[BlackElo "2568"]
[WhiteFideId "13302000"]
[BlackFideId "12923044"]
[EventDate "29.12.2022"]

1. e4 c5 2. Nf3 d6 3. d4 cxd4 4. Nxd4 Nf6 5. Nc3 a6 6. h3 e6 7. g4 h6 8. Bg2 Be7
9. Be3 Nc6 10. Qe2 Nxd4 11. Bxd4 e5 12. Be3 Be6 13. O-O-O Rc8 14. Nd5 Bxd5 15.
exd5 Nd7 16. Kb1 O-O 17. h4 Bxh4 18. Be4 Nc5 19. Bf5 Rc7 20. Rh3 Bg5 21. Rdh1 f6
22. Bxc5 Rxc5 23. Bd3 b5 24. Qf3 Qd7 25. Rh5 Qf7 26. Be4 a5 27. R5h3 a4 28. Rd1
Rc4 29. Bf5 Qc7 30. Be6+ Kh8 31. Qf5 Qe7 32. Rdh1 Qe8 33. Qd3 Rd4 34. Qe2 b4 35.
Qa6 a3 36. Qxd6 axb2 37. Bf5 Qd8 38. Qe6 Qxd5 39. Qxd5 Rxd5 40. Kxb2 Bd2 41. Be4
Bc3+ 42. Kb3 Rd4 43. Bc6 Rc8 44. Bg2 Rc7 45. Rd3 Rxd3 46. cxd3 Ra7 47. a4 Kg8
48. Bc6 Kf7 49. Bb5 Kg6 50. Rh5 Kf7 51. f3 Ke6 52. Rh2 Kd6 53. Re2 Kc5 54. Re4
Bd4 55. Re2 g6 56. Rh2 Rh7 57. Be8 Rc7 58. Rc2+ Bc3 59. Bxg6 Ra7 60. Be4 Ra5 61.
Rh2 Ra7 62. Rxh6 Rf7 63. Rh8 Kd4 64. Ra8 Kc5 65. a5 Kb5 66. a6 Kb6 67. Bd5 Rh7
68. Bc4 Re7 69. Rb8+ Ka7 70. Rf8 Rh7 71. Ka4 Kb6 72. Rxf6+ Ka7 73. Rf8 Rg7 74.
Kb5 Re7 75. Bd5 1-0

[Event "Mondiale Lampo FIDE 2022"]
[Site "Alma Ata"]
[Date "30.12.2022"]
[Round "13.54"]
[White "Adly, Ahmed"]
[Black "Urazayev, Arystanbek"]
[Result "1-0"]
[WhiteTitle ""]
[BlackTitle ""]
[WhiteElo "2596"]
[BlackElo "2465"]
[WhiteFideId "10601619"]
[BlackFideId "13709810"]
[EventDate "29.12.2022"]

1. d4 d5 2. Nf3 Nf6 3. g3 e6 4. Bg2 Be7 5. O-O O-O 6. b3 a5 7. a4 b6 8. Bb2 Nbd7
9. c4 Ba6 10. Qc2 c5 11. Na3 Rc8 12. Nb5 cxd4 13. Bxd4 Bc5 14. Bb2 Qe7 15. e3
dxc4 16. bxc4 Bb7 17. Rfd1 Be4 18. Qe2 Rfd8 19. Nfd4 Bxg2 20. Kxg2 Ne5 21. Nf3
Ng6 22. Rxd8+ Rxd8 23. Rd1 h6 24. h4 Rxd1 25. Qxd1 Nf8 26. Ne5 Ne4 27. Qg4 f5
28. Qd1 Kh7 29. Nd3 Qb7 30. f3 Nf6 31. Nxc5 bxc5 32. Bxf6 gxf6 33. Qd8 Kg8 34.
Qxf6 Qg7 35. Qxg7+ Kxg7 36. Nd6 Nd7 37. Nb7 Nb6 38. Nxc5 Kf7 39. e4 Nxc4 40. f4
fxe4 41. Nxe4 Nb6 42. Nc3 Kf6 43. Kf3 e5 44. Ke4 exf4 45. gxf4 Kg6 46. f5+ Kh5
47. f6 Kg6 48. Ke5 Nd7+ 49. Kd6 Nxf6 50. Kc6 Kh5 51. Kb5 Kxh4 52. Kxa5 Kg3 53.
Kb5 Nd7 54. a5 Nb8 55. Ne4+ Kf4 56. Nf6 Kg5 57. Nd7 Nxd7 58. a6 h5 59. a7 h4 60.
a8=Q Nf6 61. Qg2+ Kf4 62. Kc5 Ne4+ 63. Kd4 Ng5 64. Qf2+ Kg4 65. Ke3 h3 66. Qf4+
Kh5 67. Kf2 Ne6 68. Qf5+ Ng5 69. Kg3 1-0

[Event "Mondiale Lampo FIDE 2022"]
[Site "Alma Ata"]
[Date "30.12.2022"]
[Round "13.55"]
[White "Ghaem Maghami, Ehsan"]
[Black "Makarian, Rudik"]
[Result "1-0"]
[WhiteTitle ""]
[BlackTitle ""]
[WhiteElo "2490"]
[BlackElo "2554"]
[WhiteFideId "12500739"]
[BlackFideId "44105681"]
[EventDate "29.12.2022"]

1. e4 d6 2. d4 Nf6 3. Nc3 e5 4. Nf3 Nbd7 5. Be2 Be7 6. O-O O-O 7. Re1 c6 8. a4
Re8 9. a5 Qc7 10. h3 Rb8 11. Bg5 h6 12. Bh4 b5 13. axb6 axb6 14. d5 Bb7 15. Ra7
Ra8 16. Rxa8 Bxa8 17. dxc6 Bxc6 18. Bc4 Qb7 19. Bxf6 Nxf6 20. Qd3 Rb8 21. Bb5
Ra8 22. Nd2 Ra5 23. Bxc6 Qxc6 24. Nc4 Rc5 25. Ne3 Bf8 26. Re2 b5 27. Ncd5 Nxd5
28. Nxd5 Rc4 29. c3 Ra4 30. Re1 Qa6 31. Rd1 Qa5 32. g3 Ra2 33. Qb1 Qa4 34. Re1
Qb3 35. Re2 Qc4 36. Rd2 Ra4 37. Nb4 Qb3 38. Kg2 h5 39. h4 g6 40. Qd3 Qc4 41.
Qxc4 bxc4 42. Rd5 Ra1 43. Rb5 Rb1 44. Nd5 Bh6 45. Nb6 Re1 46. Nxc4 Rxe4 47. Nxd6
Re2 48. Rb8+ Kh7 49. Rb7 Kg8 50. Nxf7 Be3 51. Kf3 1-0

[Event "Mondiale Lampo FIDE 2022"]
[Site "Alma Ata"]
[Date "30.12.2022"]
[Round "13.56"]
[White "Isanzhulov, Arystan"]
[Black "Munkhgal, Gombosuren"]
[Result "1-0"]
[WhiteTitle ""]
[BlackTitle ""]
[WhiteElo "2313"]
[BlackElo "2463"]
[WhiteFideId "13711644"]
[BlackFideId "4901266"]
[EventDate "29.12.2022"]

1. e4 e6 2. d4 d5 3. Nc3 Bb4 4. e5 b6 5. Qg4 Bf8 6. Nf3 Qd7 7. Bb5 c6 8. Be2 Ba6
9. O-O Ne7 10. Qh5 Ng6 11. Re1 c5 12. a3 Bxe2 13. Nxe2 Nc6 14. c3 c4 15. h4
O-O-O 16. Qg4 h5 17. Qg3 Na5 18. Bg5 Re8 19. Nf4 Nxf4 20. Qxf4 Kb7 21. Re2 Nb3
22. Rf1 Rc8 23. g3 Rc7 24. Kg2 g6 25. Bf6 Bh6 26. Bg5 Bg7 27. Rh1 b5 28. g4 a5
29. Bf6 hxg4 30. Ng5 Rg8 31. Bxg7 Rxg7 32. Qf6 Rg8 33. Kg3 b4 34. axb4 axb4 35.
Kxg4 Ra8 36. h5 gxh5+ 37. Rxh5 Ra2 38. Rh7 bxc3 39. Nxf7 Ka6 40. Ng5 Qc6 41.
Rxc7 Qxc7 42. Nxe6 Qb6 43. Nc7+ Kb7 44. Qxb6+ Kxb6 45. Nxd5+ Kc6 46. Nb4+ Kb5
47. Nxa2 Nxd4 48. Nxc3+ 1-0

[Event "Mondiale Lampo FIDE 2022"]
[Site "Alma Ata"]
[Date "30.12.2022"]
[Round "13.57"]
[White "Yakubboev, Nodirbek"]
[Black "Gharibyan, Mamikon"]
[Result "1-0"]
[WhiteTitle ""]
[BlackTitle ""]
[WhiteElo "2647"]
[BlackElo "2480"]
[WhiteFideId "14203987"]
[BlackFideId "13308300"]
[EventDate "29.12.2022"]

1. Nf3 g6 2. e4 Bg7 3. d4 d6 4. h3 Nf6 5. Bd3 O-O 6. O-O Nc6 7. c3 e5 8. Re1 a6
9. Nbd2 Nh5 10. Nb3 b6 11. Bg5 Qd7 12. Qd2 Bb7 13. Rad1 a5 14. Bb5 a4 15. Nc1
Ra5 16. c4 exd4 17. Ne2 Qc8 18. Bxc6 Bxc6 19. Nexd4 Bb7 20. Bh6 Re8 21. Bxg7
Kxg7 22. Nb5 Nf6 23. e5 dxe5 24. Nxe5 Ba6 25. Nc6 Bxb5 26. cxb5 Rxe1+ 27. Rxe1
Rxb5 28. Na7 Qa6 29. Nxb5 Qxb5 30. Qc3 Qd7 31. g4 h6 32. Re3 c5 33. Qe5 g5 34.
Rf3 Qc6 35. Qf5 Qd6 36. h4 Qd1+ 37. Kg2 Qd4 38. hxg5 Qxg4+ 39. Qxg4 Nxg4 40. Rf4
Ne5 41. gxh6+ Kxh6 42. Rxa4 Nd3 43. Ra6 Kg5 44. Rxb6 Kf5 45. a4 1-0

[Event "Mondiale Lampo FIDE 2022"]
[Site "Alma Ata"]
[Date "30.12.2022"]
[Round "13.58"]
[White "Chigaev, Maksim"]
[Black "Kostenko, Petr"]
[Result "1-0"]
[WhiteTitle ""]
[BlackTitle ""]
[WhiteElo "2632"]
[BlackElo "2374"]
[WhiteFideId "4108116"]
[BlackFideId "13700669"]
[EventDate "29.12.2022"]

1. Nf3 Nf6 2. c4 e6 3. g3 d5 4. Bg2 dxc4 5. O-O a6 6. Qc2 b5 7. Ne1 Nd5 8. d3
cxd3 9. Nxd3 Bb7 10. Nc3 Nd7 11. a4 b4 12. Nxd5 exd5 13. Nf4 Nf6 14. Rd1 Be7 15.
e4 c6 16. e5 Nd7 17. e6 Nf6 18. exf7+ Kxf7 19. Be3 Re8 20. Nd3 Bd6 21. a5 Kg8
22. Bc5 Bc8 23. Nxb4 Bf5 24. Qxf5 Bxc5 25. Nxc6 Qc8 26. Bxd5+ Kh8 27. Qxc8 Raxc8
28. Rac1 Nxd5 29. Rxd5 Bf8 30. Rc3 Kg8 31. Kg2 Rc7 32. Rd2 Rb7 33. Rdc2 Rb5 34.
h4 h6 35. Rc4 Re1 36. b4 Rd1 37. Re2 Kf7 38. Re5 Rxe5 39. Nxe5+ Ke6 40. Ng6 Bd6
41. Rc6 Rb1 42. Rxa6 Rxb4 43. Nf4+ Kd7 44. Ra7+ Kc6 45. Ne6 Re4 46. Nxg7 Bc5 47.
Ra6+ Kb5 48. Rxh6 Re2 49. Rf6 Bd4 50. Rf5+ Ka6 51. Nh5 1-0

[Event "Mondiale Lampo FIDE 2022"]
[Site "Alma Ata"]
[Date "30.12.2022"]
[Round "13.59"]
[White "Dragnev, Valentin"]
[Black "Tsaruk, Maksim"]
[Result "0-1"]
[WhiteTitle ""]
[BlackTitle ""]
[WhiteElo "2556"]
[BlackElo "2373"]
[WhiteFideId "1634852"]
[BlackFideId "13511173"]
[EventDate "29.12.2022"]

1. e4 d5 2. exd5 Qxd5 3. Nc3 Qa5 4. d4 Nf6 5. Nf3 c6 6. Bd2 Bf5 7. Bc4 e6 8. Qe2
Qc7 9. Nh4 Bg6 10. h3 Nbd7 11. O-O Be7 12. Nxg6 hxg6 13. Ne4 Nxe4 14. Qxe4 O-O-O
15. c3 Nf6 16. Qf3 Rh5 17. Rfe1 Rdh8 18. Bf4 Bd6 19. Bxd6 Qxd6 20. Bf1 g5 21.
Qg3 Qxg3 22. fxg3 g4 23. Rad1 Rg5 24. Re5 Rxe5 25. dxe5 Nd7 26. hxg4 Nxe5 27.
Be2 Rd8 28. Rd4 c5 29. Re4 f6 30. b4 cxb4 31. cxb4 Rd2 32. a4 b6 33. g5 Kc7 34.
gxf6 gxf6 35. g4 Kd6 36. Re3 Rd4 37. Rb3 Nxg4 38. Kf1 Ne5 39. Kf2 f5 40. g3 Nc6
41. b5 Ne7 42. Ra3 Nd5 43. a5 Rd2 44. axb6 axb6 45. Ke1 Rb2 46. Ra8 Ke5 47. Rb8
Kd4 48. Kf1 Ke3 49. Bc4 Nc3 50. Rxb6 e5 51. Rb8 Ne4 52. Kg1 Rb1+ 53. Kg2 Rb2+
54. Kg1 Nxg3 55. b6 f4 56. b7 f3 57. Bd5 Rg2# 0-1

[Event "Mondiale Lampo FIDE 2022"]
[Site "Alma Ata"]
[Date "30.12.2022"]
[Round "13.60"]
[White "Cheng, Bobby"]
[Black "Averin, Nikolay"]
[Result "1-0"]
[WhiteTitle ""]
[BlackTitle ""]
[WhiteElo "2583"]
[BlackElo "2342"]
[WhiteFideId "4300033"]
[BlackFideId "24250473"]
[EventDate "29.12.2022"]

1. b3 d5 2. Bb2 c5 3. e3 Nc6 4. Bb5 Bd7 5. Nf3 e6 6. O-O Nf6 7. d4 cxd4 8. exd4
Be7 9. Nbd2 O-O 10. a3 a6 11. Bd3 b5 12. Re1 Qb6 13. Qe2 Rfc8 14. h3 h6 15. Qe3
b4 16. a4 a5 17. Qf4 Rc7 18. Re2 Bc8 19. Ne5 Ba6 20. Rae1 Rac8 21. g4 Bxd3 22.
cxd3 Nxe5 23. dxe5 Nd7 24. Nf3 Rc2 25. d4 Qa6 26. Qe3 Rxe2 27. Rxe2 Rc6 28. Kg2
Nf8 29. h4 Ng6 30. Kg3 Nf8 31. Ne1 f6 32. f4 fxe5 33. fxe5 Qc8 34. Qd3 Qd8 35.
Nf3 Nd7 36. g5 hxg5 37. hxg5 Qf8 38. Kg4 Qf7 39. g6 Qf8 40. Rh2 1-0

[Event "Mondiale Lampo FIDE 2022"]
[Site "Alma Ata"]
[Date "30.12.2022"]
[Round "13.61"]
[White "Svane, Rasmus"]
[Black "Petrov, Nikita"]
[Result "1-0"]
[WhiteTitle ""]
[BlackTitle ""]
[WhiteElo "2622"]
[BlackElo "2537"]
[WhiteFideId "4657101"]
[BlackFideId "4101286"]
[EventDate "29.12.2022"]

1. Nf3 d5 2. g3 Bg4 3. Bg2 c6 4. O-O Nd7 5. h3 Bxf3 6. Bxf3 Ngf6 7. d3 e6 8. e4
dxe4 9. dxe4 Ne5 10. Bg2 Qxd1 11. Rxd1 Rg8 12. f4 Bc5+ 13. Kf1 Ned7 14. Nd2 Nh5
15. Bf3 Ndf6 16. g4 Nxf4 17. Nb3 Nxh3 18. Nxc5 g5 19. Nxb7 Nf4 20. Be3 h5 21.
gxh5 N6xh5 22. e5 g4 23. Bxc6+ Kf8 24. Rd7 Rc8 25. Nd6 1-0